| 000 | 00577nam a2200181 a 4500 | ||
|---|---|---|---|
| 001 | BRCA_2055 | ||
| 005 | 20190320203642.0 | ||
| 008 | 060808s2001----mx-#---###---#000-0#spa-# | ||
| 050 | 4 |
_aAM5 _b.C37 2001 |
|
| 100 | 1 |
_aCarrete Fernández, María José _96268 |
|
| 245 | 1 | 0 | _aEl diseño gráfico como parte fundamental de la museografía. |
| 260 |
_aCiudad de México _c2001 |
||
| 300 | _a99 p. | ||
| 502 | _aTesis Licenciatura (Licenciada en Diseño Gráfico) Universidad Iberoamericana | ||
| 650 | 1 | 4 |
_aMuseografía _xDiseño gráfico _96269 |
| 902 | _aTES | ||
| 942 |
_2lcc _cTES |
||
| 999 |
_c1819 _d1819 |
||